बिहारी (Record no. 1234841)
[ view plain ]
| 000 -LEADER | |
|---|---|
| fixed length control field | 00808nam a2200241Ia 4500 |
| 005 - DATE AND TIME OF LATEST TRANSACTION | |
| control field | 20250108124844.0 |
| 008 - FIXED-LENGTH DATA ELEMENTS--GENERAL INFORMATION | |
| fixed length control field | 008 250107s9999 xx 000 0 hin d |
| 020 ## - INTERNATIONAL STANDARD BOOK NUMBER | |
| International Standard Book Number | 81-7223-360-4 |
| 037 ## - SOURCE OF ACQUISITION | |
| Stock number | TB |
| 040 ## - CATALOGING SOURCE | |
| Original cataloging agency | CRL |
| Language of cataloging | hin |
| Transcribing agency | CRL |
| 041 ## - LANGUAGE CODE | |
| Language code of text/sound track or separate title | hin |
| Source of code | hin |
| 084 ## - COLON CLASSIFICATION NUMBER | |
| Classification number | R215(Y15) 152Q7 |
| 084 ## - COLON CLASSIFICATION NUMBER | |
| Assigning agency | CRL |
| 100 ## - MAIN ENTRY--PERSONAL NAME | |
| Personal name | बच्चन सिंह, ले. |
| 245 #0 - TITLE STATEMENT | |
| Title | बिहारी |
| Statement of responsibility, etc. | बच्चन सिंह, ले. |
| 260 ## - PUBLICATION, DISTRIBUTION, ETC. | |
| Place of publication, distribution, etc. | नई दिल्ली, भारत |
| Name of publisher, distributor, etc. | साहित्य अकादमी |
| Date of publication, distribution, etc. | 2453 |
| 300 ## - PHYSICAL DESCRIPTION | |
| Extent | 60पृ0 |
| 365 ## - TRADE PRICE | |
| Price type code | INR |
| Price amount | 199 |
| 490 ## - SERIES STATEMENT | |
| Series statement | Hkkjrh; lkfgR; ds fuekZrk |
| 650 ## - SUBJECT ADDED ENTRY--TOPICAL TERM | |
| Topical term or geographic name entry element | हिन्दी कहानीहिन्दी साहित्य |
| 9 (RLIN) | 729733 |
| 942 ## - ADDED ENTRY ELEMENTS (KOHA) | |
| Koha item type | Textbook |
| Classification part | R215(Y15) 152Q7 |
| Withdrawn status | Lost status | Damaged status | Not for loan | Home library | Current library | Date acquired | Source of acquisition | Cost, normal purchase price | Total Checkouts | Full call number | Barcode | Date last seen | Date last checked out | Price effective from | Koha item type |
|---|---|---|---|---|---|---|---|---|---|---|---|---|---|---|---|
| Central Library | Central Library | 2025-01-08 | Gift, 21/09/2023, | 199.00 | 1 | O152,1J94w M2;Q1 | CL1698437 | 2025-04-12 | 2025-04-05 | 2025-01-08 | Textbook |
